| 000 | 02030cam a2200373 a 4500 | ||
|---|---|---|---|
| 001 | 8362658 | ||
| 003 | ARRUPE | ||
| 005 | 20140530112057.0 | ||
| 008 | 100603s2011 miu b 001 0 eng | ||
| 010 | _a 2010023292 | ||
| 020 | _a9780802862686 (pbk. : alk. paper) | ||
| 020 | _a0802862683 (pbk. : alk. paper) | ||
| 024 | _a40018784406 | ||
| 035 | _a(OCoLC)ocn635490776 | ||
| 035 | _a(OCoLC)635490776 | ||
| 035 | _a(NNC)8362658 | ||
| 040 |
_aDLC _cDLC _dYDX _dBTCTA _dYDXCP _dLNT |
||
| 043 | _afb----- | ||
| 050 | 0 | 0 |
_aBR1430 _b.K38 2011 |
| 082 | 0 | 0 |
_a261.70967 _222 |
| 100 | 1 |
_aKatongole, Emmanuel, _d1960- _910496 |
|
| 245 | 1 | 4 |
_aThe sacrifice of Africa : _ba political theology for Africa / _cEmmanuel Katongole. |
| 260 |
_aGrand Rapids, Mich. : _bW.B. Eerdmans Pub., _c2011. |
||
| 300 |
_axii, 203 p. ; _c23 cm. |
||
| 490 | 1 | _aThe Eerdmans Ekklesia series | |
| 504 | _aIncludes bibliographical references and index. | ||
| 505 | 0 | _aIntroduction: On being saved from King Leopold's ghost -- I. Sacrificing Africa. Saving Africa : the reticence of Christianity -- Reimagining social ethics in Africa : from skills to stories -- Performing Africa : stories, politics, and the social imagination of Africa -- II. Daring to invent the future. Daring to invent the future : the madness of Thomas Sankara -- "A different world right here" : Jean-Marc Éla and reimagining the church in Africa -- Things fall apart : Christianity, power, violence, and marginality -- III. The sacrifice of Africa. Fighting tribalism "in a small way" : Bishop Paride Taban and the Kuron Peace Village -- The sacrifice of Africa : Angelina Atyam and the politics of forgiveness -- Gathering the fragments of a new future : Maggy Barankitse and Maison Shalom. | |
| 650 | 0 |
_aChristianity and politics _zAfrica, Sub-Saharan _xHistory. _910497 |
|
| 650 | 0 |
_aPolitical theology _zAfrica, Sub-Saharan. _910498 |
|
| 830 | 0 |
_aEerdmans Ekklesia series. _910499 |
|
| 942 |
_2lcc _cMONOGRAPH |
||
| 948 | 1 |
_a20110127 _bc _cas2107 _dMPS |
|
| 999 |
_c120580 _d120580 |
||